000 005300000a22001690004500
090 _aAR
_b02964
245 1 0 _aImplications of seed dispersal by animals for tropical reserve management
650 1 4 _aAreas protegidas
_978
650 1 4 _aDispersión de semillas
_992588
650 1 4 _aManejo de reservas
_996513
650 1 4 _aRelación planta-animal
_992861
650 1 4 _aCoevolución
_97461
041 0 _aInglés
100 1 _aHowe, Henry F.
_911873
942 _cARTICULO
773 1 _tBiological Conservation
_3147
_q261-281
_d1984
_g30
999 _c12022
_d12022